000
00295nam a2200121Ia 4500
008
191201s2008 xx 000 0 und d
100
_a
Gupta, S.L.
245
0
_a
Classical mechanics
260
_a
N. delhi
_b
Pragati Prakashan Meerut
_c
2008
300
_a
390
650
_a
Applied
942
_2
ddc
_c
BK
999
_c
6630
_d
6630